000 07887namaa22004331i 4500
003 EG-GICUC
005 20260430212519.0
008 260430s2025 ua a|||frm||| 000 0 eng d
040 _aEG-GICUC
_beng
_cEG-GICUC
_dEG-GICUC
_erda
041 0 _aeng
_beng
_bara
049 _aDeposit
082 0 4 _a617.645
092 _a617.645
_221
097 _aM.Sc
099 _aCai01.09.07.M.Sc.2025.Ay.R
100 0 _aAya Tarek Ahmed Ibrahim,
_epreparation.
245 1 0 _aThe remineralizing potential of coral calcium nano silver versus mi paste plus toothpaste on early white spot lesions of primary molars :
_b in- vitro study /
_cby Aya Tarek Ahmed Ibrahim ; Supervisors Prof. Dr. Eman Sayed Elmasry, Prof. Dr. Yasmin Mohamed Yousry.
246 1 5 _aامكانية اعادة التمعدن من معجون كورال كالسيوم نانو سيلفر مقابل معجون ام اي بييست بلس على آفة البقع البيضاء المبكرة للاضراس اللبنية :
_bدراسة معملية
264 0 _c2025.
300 _a92 pages :
_billustrations ;
_c25 cm. +
_eCD.
336 _atext
_2rda content
337 _aUnmediated
_2rdamedia
338 _avolume
_2rdacarrier
502 _aThesis (M.Sc)-Cairo University, 2025.
504 _aBibliography: pages 75-89.
520 3 _aAim: The aim of this study is to evaluate the remineralization potential of Coral Calcium Nano Silver toothpaste (Calcium Carbonate-Nano Silver) in comparison with MI paste plus (Casein PhosphoPeptide-Amorphous Calcium Phosphate Fluoride) toothpaste on management of white spot lesions of primary molars. Methodology: A total of 16 extracted or exfoliated human primary molar teeth were equally divided into 2 groups (Group A, Group B). (Group A), including 8 primary molars, were treated with (MI Past Plus) toothpaste. (Group B), including 8 primary molars, were treated with (Coral Nano Silver) toothpaste. Energy dispersive X-ray (EDX) analysis was carried out at pre- mineralization. The samples were subjected to the test agents after inducing white spot lesions twice a day for 3 minutes each. The remineralization process lasted for two weeks. The readings were repeated after demineralization and post-remineralization. Results: EDX readings showed no significant differences between MI Paste Plus and Coral Nano Silver (p˃0.05) in remineralization potential after 14 days. Conclusions: Both MI Paste Plus and Coral Nano Silver have a remineralizing effect on induced demineralized enamel in primary molars.
520 3 _aيُعد تسوس الأسنان المرض المزمن الأكثر شيوعًا في مرحلة الطفولة. لطالما اعتُبر عملية لا رجعة فيها تُكتشف في البداية عن طريق تكوين التجاويف. ومع ذلك، يُعرف الآن أن عملية التسوس تتكون بشكل رئيسي من دورات متناوبة من إزالة وإعادة تمعدن الهياكل المعدنية للأسنان، والتي يمكن اكتشافها في مرحلة مبكرة تُعرف بآفة البقع البيضاء. النهج الذي يتعامل مع الوقاية من تسوس الأسنان، ووقف تقدمه، وإعادة تمعدن هذه الآفات غير المجوفة يُعرف باسم طب الأسنان التدخلي الأدنى. لقد دُرست عملية إعادة تمعدن المينا لمدة تقارب مائه عام. إن إمكانية إعادة تمعدن الأنسجة الصلبة للأسنان يمكن أن تسد الفجوة بين الوقاية والإجراءات الجراحية في طب الأسنان السريري. تهدف هذه الدراسة إلى تقييم قدرة إعادة التمعدن لمعجون الأسنان الذي يحتوي على الكالسيوم المرجاني والفضة النانوية (كربونات الكالسيوم-الفضة النانوية) مقارنةً بمعجون ام اي بييست بلس (فوسفوبيبتيد الكازين-فوسفات الكالسيوم غير المتبلور مع الفلورايد) في إدارة آفات البقع البيضاء في الأضراس الأولية. العينات المستخدمة في هذه الدراسة كانت من أضراس أولية بشرية تم استخراجها حديثًا، وجُمعت وقُسمت عشوائيًا بالتساوي إلى مجموعتين: المجموعة A (الكالسيوم المرجاني والفضة النانوية) والمجموعة B معجون (ام اي بييست بلس) بعد التخلص من جذورها. تم تنظيف الأسنان بالفرشاة تحت الماء الجاري لإزالة الحطام العضوي. أولاً، تم نقع العينات في محلول إزالة التمعدن لمدة 72 ساعة للحصول على آفة البقع البيضاء. بعد ذلك، وبعد شطفها بالماء المنزوع الأيونات، قمنا بتطبيق معاجين الأسنان مرتين يوميًا لمدة ثلاث دقائق لكل مرة. استمرت عملية إعادة التمعدن لمدة أسبوعين. تم حفظ العينات في لعاب صناعي يتم تجديده يوميًا. لتقييم قدرة إعادة التمعدن، استخدمنا وحدة الأشعة السينية المشتتة للطاقة .(EDX) أخذنا ثلاث قراءات EDX لكل عينة: قراءة أولية، وبعد إزالة التمعدن، وبعد إعادة التمعدن. أظهرت النتائج أن كلا معجوني الأسنان لديهما قدرة على إعادة التمعدن دون وجود فرق إحصائي كبير بينهما. وجد أن تحليل العناصر بواسطة EDX هو طريقة فعالة لتحديد التغيرات في محتوى المعادن في العينة خلال دراسات تسوس الأسنان المختبرية. يوفر تحليلاً لصحة فعالية إعادة التمعدن في وجود فقدان المعادن ويبرر استخدامه كطريقة فعالة لمنع آفات البقع البيضاء. أظهرت نتائج تحليل الأشعة السينية المشتتة للطاقة أن محتوى المعادن في المينا المزيلة التمعدن قد زاد بشكل ملحوظ باستخدام كل من معجون الأسنان الكالسيوم المرجاني والفضة النانوية وام اي بييست بلس مرتين يوميًا لمدة أسبوعين. ولم يكن هناك فرق إحصائي كبير بين مجموعتي (الكالسيوم المرجاني والفضة النانوية) و(ام اي بييست بلس). استخدام معاجين الأسنان الكالسيوم المرجاني والفضة النانوية وام اي بييست بلس كعوامل لإعادة التمعدن يُعد واعدًا في إصلاح الآفات التسوس المبكرة، حيث أن كلاهما زاد من محتوى المعادن في المينا المزيلة التمعدن للأضراس الأولية.
530 _aIssues also as CD.
546 _aText in English and abstract in Arabic & English.
650 0 _aPediatric Dentistry
650 0 _aطب أسنان الأطفال
653 1 _aMI Paste Plus
_aCoral Nano Silver
_aEnergy Dispersive X-ray
_aRemineralization Potential
700 0 _aEman Sayed Elmasry
_ethesis advisor.
700 0 _aYasmin Mohamed Yousry
_ethesis advisor.
900 _b01-01-2025
_cEman Sayed Elmasry
_cYasmin Mohamed Yousry
_dMohamed Hassan Moustafa
_dSarah Ahmed Mahmoud
_UCairo University
_FFaculty of Dentistry
_DDepartment of Pediatric Dentistry
905 _aShimaa
942 _2ddc
_cTH
_e21
_n0
999 _c179878